Vista normal
Vista MARC
Entrada Personal Name
Número de registros utilizados en: 3
001 - CONTROL NUMBER
- control field: 9923
003 - CONTROL NUMBER IDENTIFIER
- control field: DLC
005 - DATE AND TIME OF LATEST TRANSACTION
- control field: 20251013161958.0
008 - FIXED-LENGTH DATA ELEMENTS
- fixed length control field: 120806n| acannaabn |a aaa
010 ## - LIBRARY OF CONGRESS CONTROL NUMBER
- LC control number: n 2012050962
040 ## - CATALOGING SOURCE
- Original cataloging agency: DLC
- Language of cataloging: spa
- Transcribing agency: Mx-PuUPA
- Modifying agency: Mx-PuUPA
- Description conventions: rda
100 1# - HEADING--PERSONAL NAME
- Personal name: Medina, Jorge,
- Fuller form of name: (Medina Delgadillo)
374 ## - OCCUPATION
- Occupation: Autor
375 ## - GENDER
- Gender: hombre
377 ## - ASSOCIATED LANGUAGE
- Language code: spa
400 1# - SEE FROM TRACING--PERSONAL NAME
- Personal name: Medina Delgadillo, Jorge
400 1# - SEE FROM TRACING--PERSONAL NAME
- Personal name: Delgadillo, Jorge Medina
670 ## - SOURCE DATA FOUND
- Source citation: ¿El mesías soy yo?, 2010:
- Information found: t.p. (Jorge Medina) p. 4 of cover (Jorge Medina Delgadillo; philosopher and pedagogue; interested in ethics, politics and religions)
670 ## - SOURCE DATA FOUND
- Source citation: Thomas Murner : el juego de Cartas de Lógica, 2017:
- Information found: portada ( medina Delgadillo Jorge)
670 ## - SOURCE DATA FOUND
- Source citation: Biblioteca del congreso (Estados Unidos), 06 septiembre 2019:
- Information found: Catálogo electrónico
- Uniform Resource Identifier: http://bit.ly/2m1z33D